|
|
|
|
| LEADER |
01939nam a2200409 a 4500 |
| 008 |
100125s1999 nyua b 000 0 eng d |
| 020 |
|
|
|a 0393318931 (pbk.)
|
| 040 |
|
|
|a VCMB
|b eng
|c VCMB
|d BD-DhAAL
|
| 082 |
0 |
0 |
|a 303.49/05
|2 21
|
| 100 |
1 |
|
|a Brown, Lester Russell,
|d 1934-
|
| 245 |
1 |
0 |
|a Vital signs 1999 :
|b the environmental trends that are shaping our future /
|c Lester R. Brown, Michael Renner, Brian Halweil; editor Linda Starke.
|
| 260 |
|
|
|a New York :
|b W.W. Norton,
|c c1999
|
| 300 |
|
|
|a 197 p. :
|b ill. ;
|c 24 cm.
|
| 500 |
|
|
|a "Worldwatch Institute" -- cover.
|
| 504 |
|
|
|a Includes bibliographical references.
|
| 541 |
1 |
|
|e 00007396
|
| 650 |
|
0 |
|a Economic forecasting
|v Periodicals.
|
| 650 |
|
0 |
|a Social prediction
|v Periodicals.
|
| 650 |
|
0 |
|a Environmental indicators
|v Periodicals.
|
| 650 |
|
0 |
|a Social indicators
|v Periodicals.
|
| 650 |
|
0 |
|a Economic indicators
|v Periodicals.
|
| 650 |
|
2 |
|a Economics
|x trends.
|
| 650 |
|
2 |
|a Environment
|x trends.
|
| 650 |
|
2 |
|a Nature
|x trends.
|
| 650 |
|
2 |
|a Population
|x trends.
|
| 650 |
|
0 |
|a Economic development
|x Statistics.
|
| 650 |
|
0 |
|a Environmental indicators.
|
| 650 |
|
0 |
|a Economic indicators.
|
| 700 |
1 |
|
|a Flavin, Christopher.
|
| 700 |
1 |
|
|a Renner, Michael,
|d 1957-
|
| 700 |
1 |
|
|a Starke, Linda.
|
| 852 |
4 |
|
|a Ayesha Abed Library
|j General shelf
|
| 999 |
|
|
|c 7184
|d 7184
|
| 952 |
|
|
|0 0
|1 0
|2 ddc
|4 0
|6 303_490500000000000_BRO_1999
|7 0
|9 7471
|a BRACUL
|b BRACUL
|c GEN
|d 2010-01-26
|l 0
|o 303.4905 BRO
|p 3010007396
|r 2014-03-25
|t 1
|w 2010-01-26
|y BK
|
| 952 |
|
|
|0 0
|1 0
|2 ddc
|4 0
|6 303_490500000000000_BRO_1999
|7 0
|9 7472
|a BRACUL
|b BRACUL
|c GEN
|d 2010-01-26
|l 0
|o 303.4905 BRO
|p 3010007397
|r 2010-01-26
|t 2
|w 2010-01-26
|y BK
|
| 952 |
|
|
|0 0
|1 0
|2 ddc
|4 0
|6 303_490500000000000_BRO
|7 0
|9 24215
|a SCL
|b SCL
|c GEN
|d 1999-12-12
|l 0
|o 303.4905 BRO
|p 3020002468
|r 2014-04-26
|t 3
|w 2014-04-26
|y BK
|
| 952 |
|
|
|0 0
|1 0
|2 ddc
|4 0
|6 303_490500000000000_BRO
|7 0
|9 53447
|a SCL
|b SCL
|c GEN
|d 2015-04-15
|l 0
|o 303.4905 BRO
|p 3020002467
|r 2015-04-15
|t 4
|w 2015-04-15
|y BK
|